Statistics for Leonardo DiCaprio Movies by Picture

Click here to take the quiz!

General Stats

  • This quiz has been taken 204 times
  • The average score is 11 of 16

Answer Stats

Answer% Correct
Titanic
100%
The Wolf of Wall Street
93%
Catch Me If You Can
87%
The Great Gatsby
85%
The Revenant
79%
Django Unchained
77%
Once Upon a Time... in Hollywood
73%
Romeo + Juliet
71%
Shutter Island
60%
Inception
59%
The Aviator
58%
The Departed
53%
Blood Diamond
52%
Gangs of New York
41%
The Beach
39%
J. Edgar
24%

Score Distribution

Percentile by Number Answered

Percent of People with Each Score

Your Score History

You have not taken this quiz